书目信息 |
| 题名: |
社会变动中的制度变迁
|
|
| 作者: | 郝银侠 著 | |
| 分册: | ||
| 出版信息: | 北京 中国社会科学出版社 2013 |
|
| 页数: | 434页 | |
| 开本: | 24cm | |
| 丛书名: | ||
| 单 册: | ||
| 中图分类: | F329.06 | |
| 科图分类: | ||
| 主题词: | 粮食政策 | |
| 电子资源: | ||
| ISBN: | 978-7-5161-3199-2 | |
| 000 | 01232nam0 2200265 450 | |
| 001 | 523 | |
| 005 | 20140909094225.59 | |
| 010 | @a978-7-5161-3199-2@dCNY75.00 | |
| 100 | @a20131227d2013 em y0chiy50 ea | |
| 101 | 0 | @achi |
| 102 | @aCN@b110000 | |
| 105 | @ay z 000yy | |
| 106 | @ar | |
| 200 | 1 | @a社会变动中的制度变迁@AShe Hui Bian Dong Zhong De Zhi Du Bian Qian@e抗战时期国民政府粮政研究@EKang Zhan Shi Qi Guo Min Zheng Fu Liang Zheng Yan Jiu@f郝银侠著@FHao Yin Xia Zhu |
| 210 | @a北京@c中国社会科学出版社@d2013 | |
| 215 | @a434页@d24cm | |
| 330 | @a本书运用政治制度史、经济学、博弈论等方法,以抗战大环境为背景,以粮政中各个子政策、子制度的演变为主线,通过对政策与制度运作全方位之梳理与分析,全面系统地揭示了抗战时期国民政府粮政的变迁过程,粮政实施中各个利益集团之间的博弈,进而揭示出粮政的作用以及这种变迁对国民政府各个方面之影响,尤其是对国民党政权、抗战大局的影响。 | |
| 517 | 1 | @a抗战时期国民政府粮政研究@AKang Zhan Shi Qi Guo Min Zheng Fu Liang Zheng Yan Jiu |
| 601 | 02 | @a国民政府@x粮食政策@x研究@y中国@z1937-1945 |
| 601 | 02 | @a国民政府 |
| 606 | 0 | @a粮食政策 |
| 690 | @aF329.06@v5 | |
| 701 | 0 | @a郝银侠@AHao Yin Xia@c(女,@f1970~)@4著 |
| 801 | 0 | @aCN@bTANGWEI@c20140603 |
| 905 | @b0839752-54@dF329.06@e158@f3 | |
| 社会变动中的制度变迁:抗战时期国民政府粮政研究/郝银侠著.-北京:中国社会科学出版社,2013 |
| 434页;24cm |
| ISBN 978-7-5161-3199-2:CNY75.00 |
| 本书运用政治制度史、经济学、博弈论等方法,以抗战大环境为背景,以粮政中各个子政策、子制度的演变为主线,通过对政策与制度运作全方位之梳理与分析,全面系统地揭示了抗战时期国民政府粮政的变迁过程,粮政实施中各个利益集团之间的博弈,进而揭示出粮政的作用以及这种变迁对国民政府各个方面之影响,尤其是对国民党政权、抗战大局的影响。 |
| ● |
| 相关链接 |
|
|
|
|
正题名:社会变动中的制度变迁
索取号:F329.06/158
 
预约/预借
| 序号 | 登录号 | 条形码 | 馆藏地/架位号 | 状态 | 备注 |
| 1 | 0839752 | 208397527 | 第一样本阅览室/ [索取号:F329.06/158] | 在馆 | |
| 2 | 0839753 | 208397536 | 密集书库-海洋学院/ [索取号:F329.06/158] | 在馆 | |
| 3 | 0839754 | 208397545 | 第一借阅区/ [索取号:F329.06/158] | 在馆 |